Bodies of Water by Description Quiz Stats

 Plays Quiz Updated Oct 24, 2012

Challenge
Share
Tweet
Embed
Score 0/30 Timer 06:00
5 Plays Today
% Correct
Pacific Ocean
84.1%
Panama Canal
83%
Atlantic Ocean
81%
Gulf Stream
78.1%
Strait of Gibraltar
77.6%
Gulf of Mexico
76.5%
Suez Canal
75.5%
Hudson Bay
74.7%
Bering Sea
72%
Caribbean Sea
70.8%
Mediterranean Sea
70.6%
Indian Ocean
70.2%
Black Sea
69.1%
Bay of Bengal
65.7%
Arctic Ocean
65.4%
% Correct
Rio de la Plata
64.4%
Baltic Sea
63.6%
Aegean Sea
62.5%
Strait of Dover
61.8%
Strait of Magellan
59.6%
Adriatic Sea
59%
Bosporus Strait
56.2%
English Channel
53.6%
Persian Gulf
52.9%
Yucatan Channel
52.1%
Southern Ocean
51.9%
Bay of Biscay
46.8%
Red Sea
45.6%
Arabian Sea
44.5%
Dardanelles
34.7%

You're not logged in!

Compare scores with friends on all Sporcle quizzes.
OR
Log In

You Might Also Like...

Show Comments

Extras

Top Quizzes Today


Score Distribution

Your Account Isn't Verified!

In order to create a playlist on Sporcle, you need to verify the email address you used during registration. Go to your Sporcle Settings to finish the process.

Report this User

Report this user for behavior that violates our Community Guidelines.

Details: